National environmental health programmes: their planning, organization, and administration: report of a WHO expert committee (Record no. 414544)

000 -LEADER
fixed length control field 00535cam a22001337a 4500
008 - FIXED-LENGTH DATA ELEMENTS--GENERAL INFORMATION
fixed length control field 180718b1970 xxu||||| |||| 00| 0 eng d
082 ## - DEWEY DECIMAL CLASSIFICATION NUMBER
Classification number X8 W893
245 ## - TITLE STATEMENT
Title National environmental health programmes: their planning, organization, and administration: report of a WHO expert committee
Statement of responsibility, etc. by World Health Organization
260 ## - PUBLICATION, DISTRIBUTION, ETC.
Place of publication, distribution, etc. Geneva
Name of publisher, distributor, etc. World Health Organization
Date of publication, distribution, etc. 1970
300 ## - PHYSICAL DESCRIPTION
Extent 56p
440 ## - SERIES STATEMENT/ADDED ENTRY--TITLE
Title Technical report series; 439
650 ## - SUBJECT ADDED ENTRY--TOPICAL TERM
Topical term or geographic name entry element Environmental health --Administration.
700 ## - ADDED ENTRY--PERSONAL NAME
Personal name Switzerland. World Health Organization
Holdings
Withdrawn status Lost status Damaged status Not for loan Permanent Location Current Location Date acquired Full call number Barcode Date last seen Price effective from Koha item type
        Indian Institute of Public Administration Indian Institute of Public Administration 2009-02-25 X8 W893 DA1841 2018-07-21 2018-07-21 DA

Powered by Koha